1234 1862 1065 1779 1366 1655 1895 1890 1832 1219 1603 1230 1473 1936 1367 1162 1591 1776 1370 1572 1549 1849 1006 1109 1437 1130 1632 1686 1862 1829 1589 1832 1014 1836 1162 1121 1636 1156 1708 1481 1594 1185 1972 1331 1493 1063 1150 1262 1502 1549 1506 1376 1641 1784 1797 1493 1875 1617 1550 1680 1108 1125 1637 1423 1485 1803 1643 1132 1711 1632 1179 1899 1804 1901 1465 1397 1323 1832 1910 1099 1227 1386 1081 1153 1434 1300 1911 1668 1716 1068 1150 1754 1988 1434 1840 1292 1437 1938 1196 BCNSPRNW ULIB Ver.6.0+V

เปลี่ยนเป็นภาษาไทย

Change to English
 แสดงรายละเอียดบรรณานุกรม
  กลับหน้าหลัก

Brief Record : Get Marc (ISO 2709) : E-mail record : QR code < ปิดหน้าต่าง
LEADER : 00000nam 2200000uu 4500
001    13399112060
003     ULIB
008    110304s1998||||th 000 0 eng d
020    08743493
060  4 QZ4^bP363 1998
100 0  Carpenter editorDonna O
245 00 Pathophysiology made Incrediably Easy/^cCarpenter editorDonna O
260    Pennsylvnia:^bSpringhous,^c1998
300    402 p
650  7 Nursing
650  7 physiology Pathophysiology
710 1  Springhous
945    ^p0^l0^i010319
995    ทศพร
999 ^a ใช้งานได้ทุกระบบ
รายการนี้ยังไม่มีแท็ก
คุณยังไม่ได้ล็อกอิน คุณสามารถมีกิจกรรมร่วมกับเว็บไซต์ได้ แต่ต้องล็อกอินก่อน ::
  ล็อกอิน

รายการสื่อสารสนเทศ

ลำดับที่ ประเภท เลขเรียก/บาร์โค้ด สถานที่ สถานะ
- ไม่พบข้อมูล -

รายการใกล้เคียง
    หัวเรื่อง [Nursing]

BibComment


ยังไม่เคยถูกคอมเมนท์

คอมเมนท์ทรัพยากรรายการนี้
  คอมเมนท์: Pathophysiology m..


 Copyright 2026. Bcnsprnw @Library